• 首页
  • 本馆介绍
  • 公告通知
  • 最新文献
  • 馆藏检索
  • 电子资源
  • 读者导购
  • 参考咨询
  • 我的图书馆
  • 登录
  • 详细信息显示
  • 放入我的书架
  • 预约/预借图书
  • 作者相关作品
  • 分类相关作品
  • 丛书相关作品
  • 出版社相关作品

书目信息

  • 表格格式
  • 工作单格式
  • 卡片格式
题名:
工业文明的社会问题
    
 
作者: 梅奥 著 ;张爱民 , 唐晓华 译
分册:  
出版信息: 北京   北京理工大学出版社  2013
页数: 13,167页
开本: 24cm
丛书名: 人本管理经典译丛
单 册:
中图分类: D58
科图分类:
主题词: 工业社会学--社会问题--研究 , 工业社会学 , 社会问题
电子资源:
ISBN: 978-7-5640-7680-1
000 01304nam0 2200325 450
001 523
005 20140905100104.71
010    @a978-7-5640-7680-1@dCNY48.00
100    @a20130705d2013 em y0chiy50 ea
101 1  @achi@ceng
102    @aCN@b110000
105    @ay z 000yy
106    @ar
200 1  @a工业文明的社会问题@AGong Ye Wen Ming De She Hui Wen Ti@f(美)乔治·埃尔顿·梅奥著@F( Mei ) Qiao Zhi· Ai Er Dun· Mei Ao Zhu@g张爱民,唐晓华译
210    @a北京@c北京理工大学出版社@d2013
215    @a13,167页@d24cm
225 2  @a人本管理经典译丛
312    @a封面英文题名:The social problems of an industrial civilization
330    @a本书就工业文明中的社会问题作了研究。全书共分两篇六章,具体内容包括:进步的阴暗面;乌合之众的假设及其必然推论,国家绝对;霍桑和西部电气公司:对访谈实验做进一步评论;缺勤和转业等。
461  0 @12001 @a人本管理经典译丛
510 1  @aSocial problems of an industrial civilization@zeng
606 0  @a工业社会学@x社会问题@x研究
606 0  @a工业社会学
606 0  @a社会问题
690    @aD58@v5
701  0 @c(美)@a梅奥@AMei Ao@c(Mayo,George Elton@f1880~1949)@4著
702  0 @a张爱民@AZhang Ai Min@c(历史学,@f1971~)@4译
702  0 @a唐晓华@ATang Xiao Hua@c(女,@f1976~)@4译
801  0 @aCN@bTANGWEI@c20140603
905    @b0839581-83@dD58@e196@f3
    
    工业文明的社会问题/(美)乔治·埃尔顿·梅奥著/张爱民,唐晓华译.-北京:北京理工大学出版社,2013
    13,167页;24cm.-(人本管理经典译丛)
    
    
    ISBN 978-7-5640-7680-1:CNY48.00
    本书就工业文明中的社会问题作了研究。全书共分两篇六章,具体内容包括:进步的阴暗面;乌合之众的假设及其必然推论,国家绝对;霍桑和西部电气公司:对访谈实验做进一步评论;缺勤和转业等。
●
相关链接 在E读中查询图书 在五车中查询图书 在当当中查询图书 在豆瓣中查询图书


正题名:工业文明的社会问题     索取号:D58/196         预约/预借

序号 登录号 条形码 馆藏地/架位号 状态 备注
1 0839581   208395814   第一样本阅览室/ [索取号:D58/196] 在馆    
2 0839582   208395823   第一借阅区/ [索取号:D58/196] 在馆    
3 0839583   208395832   密集书库-史法系/ [索取号:D58/196] 在馆    
唐山师范学院图书馆 欢迎您!
大连网信软件有限公司© 版权所有